000 01414nam0a22002771 4500
001 rc\4361724
005 20250612061050.0
021 _aRU
_b[68-69595]
035 _a(NLR Aleph) 008535715
090 _a8315776
_c8315776
100 _a20130416d1968 |||y0rusy50 ca
101 0 _arus
102 _aRU
105 _ay z |||||
200 1 _aГипертоническая болезнь, атеросклероз и коронарная недостаточность
_eСборник материалов итоговой конференции
_f[Ред. коллегия: чл.-кор. АМН СССР д-р мед. наук проф. Л.Т. Малая (отв. ред.) и др.]
210 _aХарьков
_cБ. и.
_d1968
215 _a210 с.
_d20
225 1 _aМинистерство здравоохранения ССР. Харьковский государственный медицинский институт
_vВып. 71
_iХарьковское научное медицинское общество
_vВып. 31
606 _aАтеросклероз
_jСборники
_2psbo
606 _aГипертоническая болезнь и гипертония
_jСборники
_2psbo
606 _aКоронарная недостаточность
_jСборники
_2psbo
801 0 _aRU
_bNLR
_gpsbo
801 1 _aRU
_bELAR
_2rusmarc
852 _aNLR
_jП16/355
942 _cBOOK
980 _aNB